LEADER 01249nam0 22002891i 450 001 UON00265571 005 20231205103732.677 010 $a96-88631-81-7 100 $a20050706d1996 |0itac50 ba 101 $aspa 102 $aMX 105 $a|||| ||||| 200 1 $aAmerica Latina$eviolencia y miseria en el crepúsculo del siglo$fCarlos Figueroa Iberra compilador 210 $aMéxico$cBenemérita Universidad Autónoma de Puebla ; Asociación Latinoamericana de Sociología$d1996 215 $a251 p.$d22 cm. 606 $aAmerica latina$xConflitti sociali$xSec. 20.$3UONC056804$2FI 620 $aMX$dCiudad de México$3UONL003354 676 $a303.64$cGuerre civili e rivoluzione$v21 702 1$aFIGUEROA IBARRA$bCarlos$3UONV154548 712 $aAsociacíon Latinoamericana de Sociología$3UONV270851$4650 712 $aBenemérita Universidad Autónoma de Puebla$3UONV270850$4650 801 $aIT$bSOL$c20251003$gRICA 899 $aSIBA - SISTEMA BIBLIOTECARIO DI ATENEO$2UONSI 912 $aUON00265571 950 $aSIBA - SISTEMA BIBLIOTECARIO DI ATENEO$dSI FS 08017 $eSI FP 18401 5 996 $aAmerica latina$9168009 997 $aUNIOR